<?xml version="1.0" encoding="UTF-8"?><?xml-stylesheet type="text/xsl" href="static/style.xsl"?><OAI-PMH xmlns="http://www.openarchives.org/OAI/2.0/" xmlns:xsi="http://www.w3.org/2001/XMLSchema-instance" xsi:schemaLocation="http://www.openarchives.org/OAI/2.0/ http://www.openarchives.org/OAI/2.0/OAI-PMH.xsd"><responseDate>2026-04-13T03:01:55Z</responseDate><request verb="GetRecord" identifier="oai:www.recercat.cat:10256/20307" metadataPrefix="marc">https://recercat.cat/oai/request</request><GetRecord><record><header><identifier>oai:recercat.cat:10256/20307</identifier><datestamp>2024-05-22T09:50:43Z</datestamp><setSpec>com_2072_452955</setSpec><setSpec>com_2072_2054</setSpec><setSpec>col_2072_452957</setSpec></header><metadata><record xmlns="http://www.loc.gov/MARC21/slim" xmlns:dcterms="http://purl.org/dc/terms/" xmlns:xsi="http://www.w3.org/2001/XMLSchema-instance" xmlns:doc="http://www.lyncode.com/xoai" xsi:schemaLocation="http://www.loc.gov/MARC21/slim http://www.loc.gov/standards/marcxml/schema/MARC21slim.xsd">
   <leader>00925njm 22002777a 4500</leader>
   <datafield ind2=" " ind1=" " tag="042">
      <subfield code="a">dc</subfield>
   </datafield>
   <datafield ind2=" " ind1=" " tag="720">
      <subfield code="a">Pi Roig, Roger</subfield>
      <subfield code="e">author</subfield>
   </datafield>
   <datafield ind2=" " ind1=" " tag="720">
      <subfield code="a">Cieśląk, Patryk</subfield>
      <subfield code="e">author</subfield>
   </datafield>
   <datafield ind2=" " ind1=" " tag="720">
      <subfield code="a">Ridao Rodríguez, Pere</subfield>
      <subfield code="e">author</subfield>
   </datafield>
   <datafield ind2=" " ind1=" " tag="720">
      <subfield code="a">Sanz, Pedro José</subfield>
      <subfield code="e">author</subfield>
   </datafield>
   <datafield ind2=" " ind1=" " tag="260">
      <subfield code="c">2021-03-02</subfield>
   </datafield>
   <datafield ind2=" " ind1=" " tag="520">
      <subfield code="a">Underwater Inspection, Maintenance, and Repair operations are nowadays performed using&#xd;
&#xd;
Remotely Operated Vehicles (ROV) deployed from dynamic-positioning vessels, having high daily opera-&#xd;
tional costs. During the last twenty years, the research community has been making an effort to design new&#xd;
&#xd;
Intervention Autonomous Underwater Vehicles (I-AUV), which could, in the near future, replace the ROVs,&#xd;
significantly decreasing these costs. Until now, the experimental work using I-AUVs has been limited to a&#xd;
few single-vehicle interventions, including object search and recovery, valve turning, and hot stab operations.&#xd;
More complex scenarios usually require the cooperation of multiple agents, i.e., the transportation of large&#xd;
and heavy objects. Moreover, using small, autonomous vehicles requires consideration of their limited load&#xd;
capacity and limited manipulation force/torque capabilities. Following the idea of multi-agent systems,&#xd;
in this paper we propose a possible solution: using a group of cooperating I-AUVs, thus sharing the load&#xd;
and optimizing the stress exerted on the manipulators. Specifically, we tackle the problem of transporting&#xd;
a long pipe. The presented ideas are based on a decentralized Task-Priority kinematic control algorithm&#xd;
adapted for the highly limited communication bandwidth available underwater. The aforementioned pipe&#xd;
is transported following a sequence of poses. A path-following algorithm computes the desired velocities&#xd;
for the robots’ end-effectors, and the on-board controllers ensure tracking of these setpoints, taking into&#xd;
account the geometry of the pipe and the vehicles’ limitations. The utilized algorithms and their practical&#xd;
implementation are discussed in detail and validated through extensive simulations and experimental trials&#xd;
performed in a test tank using two 8 DOF I-AUVs</subfield>
   </datafield>
   <datafield ind2=" " ind1=" " tag="520">
      <subfield code="a">This work was supported in part by the TWINBOT ’’TWIN ROBOTS FOR COOPERATIVE UNDERWATER INTERVENTION MISSIONS’’ Project funded by the Spanish Ministry of economy, industry, and competitiveness, under Grant DPI2017-86372-C3, in part by the Valencian Government (CIRTESU Project) under Grant IDIFEDER/2018/013, and in part by the Secretaria d’Universitats i Recerca del Departament d’Economia i Coneixement de la Generalitat de Catalunya under Grant 2019FI_B_00812</subfield>
   </datafield>
   <datafield ind1="8" ind2=" " tag="024">
      <subfield code="a">http://hdl.handle.net/10256/20307</subfield>
   </datafield>
   <datafield tag="653" ind2=" " ind1=" ">
      <subfield code="a">Vehicles submergibles</subfield>
   </datafield>
   <datafield tag="653" ind2=" " ind1=" ">
      <subfield code="a">Submersibles</subfield>
   </datafield>
   <datafield tag="653" ind2=" " ind1=" ">
      <subfield code="a">Robots autònoms</subfield>
   </datafield>
   <datafield tag="653" ind2=" " ind1=" ">
      <subfield code="a">Autonomous robots</subfield>
   </datafield>
   <datafield ind2="0" ind1="0" tag="245">
      <subfield code="a">TWINBOT: Autonomous Underwater Cooperative Transportation</subfield>
   </datafield>
</record></metadata></record></GetRecord></OAI-PMH>